Englishman in New York - Sting (Lyrics) - Statistics

General Stats
  • This quiz has been taken 89 times
  • The average score is 146 of 221
Answer Stats
Answer % Correct
A
100%
a
100%
Englishman
100%
I
100%
New
100%
an
99%
I’m
99%
in
99%
York
99%
alien
96%
my
88%
take
88%
Take
88%
you
88%
You
88%
coffee
85%
dear
85%
legal
85%
tea
85%
drink
84%
when
82%
the
81%
walk
81%
don’t
79%
on
79%
can
78%
hear
78%
side
78%
like
76%
talk
76%
to
76%
it
75%
It
75%
accent
72%
me
72%
one
72%
toast
71%
See
68%
your
66%
And
65%
and
65%
Be
63%
no
62%
down
60%
everywhere
59%
they
59%
walking
59%
Avenue
57%
say
57%
what
57%
man
53%
matter
53%
Whoa
53%
yourself
53%
done
51%
Fifth
51%
at
50%
At
50%
as
46%
cane
44%
make
44%
smile
44%
takes
44%
Takes
44%
of
43%
If
41%
than
41%
more
40%
only
40%
will
40%
but
38%
said
38%
someone
38%
suffer
38%
for
37%
gentleman
37%
hero
37%
ignorance
37%
run
37%
day
35%
here
35%
never
35%
He’s
34%
gun
32%
this
29%
manners
28%
sun
28%
combat
26%
up
26%
brighter
25%
lead
25%
that
25%
them
25%
are
24%
license
24%
notoriety
24%
could
22%
gear
22%
avoid
21%
Confront
21%
enemies
21%
sobriety
21%
candle’s
19%
propriety
19%
society
19%
end
16%
Modesty
16%
rare
16%
Gentleness
13%
night
13%
No matching quizzes found
Score Distribution
Percent of People with Each Score
Percentile by Number Answered
Your Score History
You have not taken this quiz